000 00703nam a2200289Ia 4500
005 20260324143348.0
008 008 260324s9999 xx 000 0 eng d
020 _a9781315490212
037 _aEBOOK
040 _aCRL
040 _beng
040 _cCRL
041 _2eng
041 _aeng
084 _qCRL
100 _aMartha Brill Olcott; Sergei P. Poliakov
_91215353
245 0 _aEveryday Islam
245 0 _bReligion and Tradition in Rural Central Asia
260 _bTaylor and Francis
260 _c1992
365 _a
365 _b255
856 _uhttp://www.taylorfrancis.com/books/9781315490212
942 _cEBOOK
999 _c1820661
_d1820661